000 00912nam a2200229 a 4500
001 000044662
003 DO-SdBNP
005 20250704121604.0
008 110412s2011 dr 000 0 spa d
020 _a9789945877229
040 _aDO-SdBNP
_bspa
_cBNPHU
082 4 _a347.7293
_bS941d
_222
100 1 _aSubero Isa, Jorge A.,
_d1947-
_976863
245 1 0 _aDiscurso conmemorativo día del poder judicial :
_blos desafíos de la administración de justicia para los próximos años /
_cJorge A. Subero Isa.
260 _aSanto Domingo :
_bSuprema Corte de Justicia,
_c2011.
300 _a40 p. ;
_c22 cm.
590 _aInventariado, 2020 /LP
650 4 _aPoder judicial
_zRepública Dominicana
_946172
_vEnsayos, conferencias, etc.
650 4 _aAdministración de justicia
_zRepública Dominicana
_910274
651 4 _aAdministración De Justicia Penal
_xEnsayos, conferencias, etc.
_946173
942 _2ddc
_cLBS1
999 _c44151
_d44151